000
00316nam a22001337a 4500
008
190129b xxu||||| |||| 00| 0 eng d
020
_a
9780205265848
041
_a
eng
080
_2
3rd
_a
316
100
_a
50
101
_a
SOC
245
_a
An Introduction to Group work practice
_c
Toseland,R.W
942
_2
udc
_c
BK
999
_c
53865
_d
53865